La critique du syllogisme dans Bacon et Descartes (notice n° 1648677)

détails MARC
000 -LEADER
fixed length control field 02206cam a2200169 4500500
005 - DATE AND TIME OF LATEST TRANSACTION
control field 20260208003727.0
041 ## - LANGUAGE CODE
Language code of text/sound track or separate title fre
042 ## - AUTHENTICATION CODE
Authentication code dc
100 10 - MAIN ENTRY--PERSONAL NAME
Personal name Charrak, André
Relator term author
245 00 - TITLE STATEMENT
Title La critique du syllogisme dans Bacon et Descartes
260 ## - PUBLICATION, DISTRIBUTION, ETC.
Date of publication, distribution, etc. 2005.<br/>
500 ## - GENERAL NOTE
General note 34
520 ## - SUMMARY, ETC.
Summary, etc. Cet article essaie de démontrer que le discours cartésien sur l’a priori est tributaire de la tradition philosophique antérieure et en particulier de la tradition médiévale. Selon cette dernière, l’expression a priori est strictement liée à un certain type de démonstration. Cette interprétation n’est pas contredite par les emplois que Descartes fait de l’expression a priori dans le traitement de deux thèmes clés de son œuvre : ses remarques sur l’ordre des raisons dans ses Méditations et sa présentation d’une des preuves de l’existence de Dieu comme preuve a priori. Au contraire, le sens de ses remarques méthodologiques et le caractère particulier d’un tel type de démonstration se comprennent mieux si l’on envisage l’usage de l’expression a priori dans la perspective de la philosophie médiévale.
520 ## - SUMMARY, ETC.
Summary, etc. This article intends to show that Descartes’s discourse on the a priori is heavily influenced by the preceding philosophical tradition and in particular by the medieval tradition. According to the latter, the expression a priori is strictly confined to characterizing a certain kind of demonstration. This interpretation is not challenged by the way in which Descartes uses the expression a priori in treating two central themes of his work : i.e. by his remarks regarding the order of reasons in the Meditations and by his presentation of one of the proofs for the existence of God as an a priori proof. On the contrary, the meaning of his methodological remarks and the peculiar character of this type of proof become clearer if we look at the use of the expression a priori from the perspective of medieval philosophy.
786 0# - DATA SOURCE ENTRY
Note Les Études philosophiques | 75 | 4 | 2005-12-01 | p. 469-484 | 0014-2166
856 41 - ELECTRONIC LOCATION AND ACCESS
Uniform Resource Identifier <a href="https://shs.cairn.info/revue-les-etudes-philosophiques-2005-4-page-469?lang=fr&redirect-ssocas=7080">https://shs.cairn.info/revue-les-etudes-philosophiques-2005-4-page-469?lang=fr&redirect-ssocas=7080</a>

Pas d'exemplaire disponible.

PLUDOC

PLUDOC est la plateforme unique et centralisée de gestion des bibliothèques physiques et numériques de Guinée administré par le CEDUST. Elle est la plus grande base de données de ressources documentaires pour les Étudiants, Enseignants chercheurs et Chercheurs de Guinée.

Adresse

627 919 101/664 919 101

25 boulevard du commerce
Kaloum, Conakry, Guinée

Réseaux sociaux

Powered by Netsen Group @ 2025